WWE All Finishers HARD - Statistics

General Stats
  • This quiz has been taken 1,430 times
    1,424 since last reset
  • The average score is 48 of 78
Answer Stats
Hint Answer % Correct
Attitude Adjustment John Cena
98%
RKO Randy Orton
96%
F5 Brock Lesnar
95%
Chokeslam Kane
95%
People's Elbow The Rock
95%
Sister Abigail Bray Wyatt
94%
Pedigree Triple H
94%
Tombstone Piledriver Undertaker
94%
Styles Clash AJ Styles
93%
Curb Stomp Seth Rollins
93%
Uso Splash The Uso's
93%
Spear Roman Reigns
92%
Brogue Kick Sheamus
92%
Dirty Deeds Dean Ambrose
91%
Zig Zag Dolph Ziggler
91%
Skull Crushing Finale The Miz
90%
Spear Edge
88%
619 Rey Mysterio
83%
Batista Bomb Batista
82%
Trouble in Paradise Kofi Kingston
82%
Sweet Chin Music Shawn Michaels
82%
End of Days Baron Corbin
81%
Codebreaker Chris Jericho
81%
Go To Sleep CM Punk
81%
Yes Lock Daniel Bryan
80%
World Strongest Slam Mark Henry
80%
Stunner Stone Cold
80%
WMD Big Show
79%
Sharpshooter Bret Hart
79%
Rough Ryder Zack Ryder
79%
Big Ending Big E
78%
Swanton Jeff Hardy
78%
Pop Up Powerbomb Kevin Owens
78%
Leg Drop Hulk Hogan
74%
Patriot Lock Jack Swagger
74%
Coup de Grace Finn Balor
73%
Twist of Fate Matt Hardy
73%
Mr Socko Mick Foley
73%
Figure Four Leglock Ric Flair
72%
Helluva Kick Sami Zayn
72%
Lil Jimmy R-Truth
70%
Shell Shocked Ryback
70%
Clash Of Titus Titus O'Neil
68%
Neutralizer Cesaro
66%
Coast to Coast Shane McMahon
64%
Running Bo-Dog Bo Dallas
63%
3D The Dudley Boyz
63%
Scorpion Death Drop Sting
62%
Acolade Rusev
60%
Cross Armbreaker Alberto Del Rio
59%
Banzai Drop Yokozuna
59%
Salida Del Sol Kalisto
58%
Jacknife Kevin Nash
58%
Lost in the Woods Xavier Woods
56%
Scissor Kick Booker T
54%
Red Arrow Neville
51%
The Black Sheep Braun Strowman
42%
Curtain Call Goldust
42%
DDT Jake Roberts
42%
Last Dance Fandango
41%
Perfect Plex Curtis Axel
39%
Beauty Shot Tyler Breeze
39%
Queens Crossbow Stardust
27%
Party Foul Adam Rose
26%
Waist Slam Erick Rowan
24%
The Way Luke Harper
24%
Gut Check Darren Young
18%
Sharpshooter Tyson Kidd
17%
Fall of Man The Ascension
16%
Falling Star Sin Cara
15%
Sitdown Splash Andre the Giant
14%
Directors Cut Aiden English
12%
Bull Hammer King Barrett
12%
Full Nelson Slam Damien Sandow
10%
Tornado DDT Enzo Amore
9%
Lifting DDT Heath Slater
9%
Whirling Dervish Simon Gotch
8%
Empire Elbow Colin Cassady
3%
No matching quizzes found
Score Distribution
Percent of People with Each Score
Percentile by Number Answered
Your Score History
You have not taken this quiz since the last reset